Financovanie malých a stredných podnikov v Slovenskej republike

Zdroje financovania MSP na Slovensku - vlastné, cudzie, interné, externé. Štátna podpora MSP. Mikropôžičkový program Národnej agentúry pre rozvoj malého a stredného podnikania.

Na minha lista:
Detalhes bibliográficos
Autor principal: Markovičová, Marta, 1962-
Formato: Capítulo de Livro
Idioma:eslovaco
Assuntos:
Tags: Adicionar Tag
Sem tags, seja o primeiro a adicionar uma tag!

MARC

LEADER 00000nla a2200000 4500
001 0180320
005 20240502073053.7
041 0 |a slo 
044 |a SK 
245 1 0 |a Financovanie malých a stredných podnikov v Slovenskej republike  |c Marta Markovičová 
520 |a Zdroje financovania MSP na Slovensku - vlastné, cudzie, interné, externé. Štátna podpora MSP. Mikropôžičkový program Národnej agentúry pre rozvoj malého a stredného podnikania. 
610 2 0 |a podnik malý 
610 2 0 |a podnik stredný 
610 2 0 |a financovanie podnikov 
610 2 0 |a zdroje finančné vlastné 
610 2 0 |a zdroje finančné cudzie 
610 2 0 |a podpora štátna 
610 2 0 |a Slovensko 
100 1 |a Markovičová, Marta, 1962-